banner-ar

رؤية فنية حديثة لجماليات تصميم وتشكيل ازياء المناسبات : (Record no. 60195)

MARC details
000 -الفاتح
حقل البيانات ثابتة الطول 01626nam a22003617a 4500
005 - وقت وتاريخ اخر تعامل مع التسجيلة
رقم الضبط 20240530110357.0
008 - عناصر البيانات ثابتة الطول - معلومات عامة
حقل البيانات ثابتة الطول 150114s2010 ua dokff b 000 0 ara d
017 ## - رقم الايداع القانونى
رقم الايداع القانونى 2010/1938
المصدر ( الهيئة المختصة) مصر . دار الكتب المصرية
020 ## - الرقم الدولى المعيارى للكتب
الرقم الدولى المعيارى للكتاب 977232766x
040 ## - مصدر الفهرسة
وكالة الفهرسة الأصلية EG-CaGPL
041 0# - رمز اللغة
رمز لغة النص/ المسارات الصوتية أو العنوان الانفرادي ara
082 04 - رقم تصنيف ديوى العشرى
رقم الطبعة 21
رقم التصنيف 391.009
رقم المادة ق/ ك ر
100 0# - المدخل الرئيسى - إسم شخصى
الإسم الشخصى كفاية سليمان احمد
245 10 - بيان العنوان
العنوان رؤية فنية حديثة لجماليات تصميم وتشكيل ازياء المناسبات :
بقية العنوان بالفترات التاريخية المختلفة /
بيان المسئوليه,etc كفاية سليمان احمد ، نجوى شكرى محمد ، كرامة ثابت حسن الشيخ
250 ## - بيان الطبعة
بيان الطبعة ط1
260 ## - PUBLICATION, DISTRIBUTION, ETC. (IMPRINT)
تاريخ النشر أو التوزيع 2010
300 ## - الوصف المادى
التعداد 423 ص :
تفاصيل ماديه اخرى للوعاء ايض ؛
أبعاد الوعاء 24 سم
504 ## - تبصرة ببليوجرافية
تبصرة ببليوجرافية,الخ ببليوجرافية : ص 415 - 423
650 04 - المدخل الاضافى بالموضوع-مصطلح موضوعى
مصطلح موضوعي الازياء
التقسيم الفرعي العام تاريخ
650 04 - المدخل الاضافى بالموضوع-مصطلح موضوعى
مصطلح موضوعي تصميم الازياء
650 04 - المدخل الاضافى بالموضوع-مصطلح موضوعى
مصطلح موضوعي الازياء
التقسيم الفرعي الزمني العصر الفرعونى
650 04 - المدخل الاضافى بالموضوع-مصطلح موضوعى
مصطلح موضوعي الازياء
التقسيم الفرعي الزمني العصر الفاطمى
650 04 - المدخل الاضافى بالموضوع-مصطلح موضوعى
مصطلح موضوعي الازياء
التقسيم الفرعي الزمني العصر المملوكى
650 04 - المدخل الاضافى بالموضوع-مصطلح موضوعى
مصطلح موضوعي الازياء
التقسيم الفرعي الزمني العصر العثمانى
650 04 - المدخل الاضافى بالموضوع-مصطلح موضوعى
مصطلح موضوعي الازياء
التقسيم الفرعي الزمني عصر محمد على
650 04 - المدخل الاضافى بالموضوع-مصطلح موضوعى
مصطلح موضوعي الازياء
التقسيم الفرعي الزمني عصر الخديوى اسماعيل
650 04 - المدخل الاضافى بالموضوع-مصطلح موضوعى
مصطلح موضوعي الازياء
التقسيم الفرعي الزمني عصر الخديوى توفيق الحكم
650 04 - المدخل الاضافى بالموضوع-مصطلح موضوعى
مصطلح موضوعي الازياء
التقسيم الفرعي الزمني عصر الملك فؤاد
700 0# - المدخل الاضافى - اسم شخصى
الإسم الشخصى نجوى شكرى محمد
الدور مؤلف مشارك
700 0# - المدخل الاضافى - اسم شخصى
الإسم الشخصى كرامة ثابت حسن الشيخ
الدور مؤلف مشارك
942 ## - عناصر المدخل الإضافي( كوها)
مصدر التصنيف او مخطط الترفيف Dewey Decimal Classification
Koha [default] item type كتاب
260 ## - PUBLICATION, DISTRIBUTION, ETC. (IMPRINT)
-- القاهرة :
-- عالم الكتب ،
Holdings
حالة التراجع حالة الفقد حالة تلف ليس للاعارة المكان المؤقت الموقع الحالى تاريخ الاكتساب اجمالي اﻻعارات رقم الطلب الباركود تاريخ اخر مشاهدة تاريخ تفعيل السعر نوع وعاء كوها
        مكتبة القاهرة الكبرى مكتبة القاهرة الكبرى 01/14/2015   391.009 ق/ ك ر 159197 01/14/2015 01/14/2015 كتاب

Powered By

EGPV